Geography Quiz

Random Geography or World Quiz

'H' Cities by Picture Quiz Stats

 Plays Quiz Updated Mar 13, 2017

Challenge
Share
Tweet
Score 0/20 Timer 07:00
8 Plays Today
% Correct
Havana, Cuba
91.8%
Hong Kong, China
87.4%
Houston, Texas, USA
81.6%
Honolulu, Hawaii, USA
76.4%
Hanoi, Vietnam
74.6%
Helsinki, Finland
63.7%
Hamburg, Germany
62.9%
(The) Hague, Netherlands
51.7%
Harare, Zimbabwe
44.6%
Ho Chi Minh City, Vietnam
43.9%
% Correct
Hartford, Connecticut, USA
36.4%
Hyderabad, India
34.1%
Hobart, Australia
33.7%
Hiroshima, Japan
33.3%
Halifax, Canada
29%
Honiara, Solomon Islands
21.7%
Hanover, Germany
21.6%
Helena, Montana, USA
19.1%
Haifa, Israel
17.2%
Harbin, China
14.7%

You're not logged in!

Compare scores with friends on all Sporcle quizzes.
OR
Log In

You Might Also Like...

Show Comments

Extras

Top Quizzes Today


Score Distribution

Your Account Isn't Verified!

In order to create a playlist on Sporcle, you need to verify the email address you used during registration. Go to your Sporcle Settings to finish the process.

Report this User

Report this user for behavior that violates our Community Guidelines.

Details: